Accountability at the World Bank : (Record no. 16756)

000 -LEADER
fixed length control field 00465cam a2200145 a 4500
040 ## - CATALOGING SOURCE
Transcribing agency DGW
082 00 - DEWEY DECIMAL CLASSIFICATION NUMBER
Classification number 332 WOR 2003 A108 Or.
245 00 - TITLE STATEMENT
Title Accountability at the World Bank :
Remainder of title the Inspection Panel 10 years on /
260 ## - PUBLICATION, DISTRIBUTION, ETC. (IMPRINT)
Place of publication Washington, DC :
Name of publisher World Bank,
Year of publication 2003.
300 ## - PHYSICAL DESCRIPTION
Number of Pages xvi, 181 p. :
Other physical details col. ill. ;
Dimensions 29 cm.
650 #0 - SUBJECT ADDED ENTRY--TOPICAL TERM
Topical Term Economic development projects
710 2# - ADDED ENTRY--CORPORATE NAME
Corporate name or jurisdiction name as entry element World Bank.
856 41 - ELECTRONIC LOCATION AND ACCESS
Uniform Resource Identifier http://www.loc.gov/catdir/toc/fy043/2003384044.html
942 ## - ADDED ENTRY ELEMENTS (KOHA)
Koha item type សៀវភៅភាសាអង់គ្លេស
952 ## - LOCATION AND ITEM INFORMATION (KOHA)
Withdrawn status [LOCAL, KOHA] 0
Holdings
Permanent Location Date acquired Koha item type Lost status Shelving location Barcode Current Location Full call number
Library Block A2018-04-04សៀវភៅភាសាអង់គ្លេស A108A06510Library Block A332 WOR 2003 A108 Or.
មជ្ឈមណ្ឌលឯការនៃសាកលវិទ្យាល័យភូមិន្ទកសិកម្មចំការដូង

Powered by Koha